[Event "Rosenbloom mem."]
[Site "Winnipeg CAN"]
[Date "2017.12.19"]
[Round "7"]
[White "Furda, Evheniya Diana"]
[Black "Mandusic, Ante"]
[Result "1-0"]
[WhiteElo "1597"]
[BlackElo "1212"]
[WhiteFideId "-1"]
[WhiteFideId "-1"]
[PlyCount "57"]
[GameId "2160767908317357"]
[EventDate "2017.11.07"]
[EventType "swiss"]
[EventRounds "7"]
[EventCountry "CAN"]
[SourceTitle "EXT 2022"]
[Source "ChessBase"]
[SourceDate "2021.10.06"]
[SourceVersion "1"]
[SourceVersionDate "2021.10.06"]
[SourceQuality "1"]

1. e4 e5 2. Nf3 Nc6 3. d4 Bd6 4. dxe5 Nxe5 5. Nxe5 Bxe5 6. Qh5 d6 7. f4 Bf6 8. Bc4 Qe7 9. Bb5+ c6 10. Bd3 g6 11. Qf3 Qc7 12. Nc3 Ne7 13. O-O O-O 14. Bd2 b5 15. a3 a5 16. Kh1 Bb7 17. Rae1 Rfe8 18. e5 dxe5 19. fxe5 Bg7 20. Qxf7+ Kh8 21. Ne4 Rf8 22. Qe6 Bxe5 23. Ng5 Bd6 24. Bc3+ Be5 25. Bxe5+ Qxe5 26. Qxe5+ Kg8 27. Qxe7 Rxf1+ 28. Rxf1 Kh8 29. Qxh7# 1-0

[Event "Rosenbloom mem."]
[Site "Winnipeg CAN"]
[Date "2017.12.19"]
[Round "7"]
[White "Gerona, Joshua"]
[Black "Magyar, Peter"]
[Result "1-0"]
[WhiteElo "1995"]
[BlackElo "1506"]
[WhiteFideId "-1"]
[WhiteFideId "-1"]
[PlyCount "117"]
[GameId "2160767908317359"]
[EventDate "2017.11.07"]
[EventType "swiss"]
[EventRounds "7"]
[EventCountry "CAN"]
[SourceTitle "EXT 2022"]
[Source "ChessBase"]
[SourceDate "2021.10.06"]
[SourceVersion "1"]
[SourceVersionDate "2021.10.06"]
[SourceQuality "1"]

1. d4 e6 2. e4 d5 3. exd5 exd5 4. Nf3 Bd6 5. Be2 Nf6 6. Bg5 h6 7. Bh4 Bg4 8. O-O Nbd7 9. Nbd2 O-O 10. Re1 Qc8 11. c3 a6 12. Qc2 Re8 13. Bd3 Be6 14. Re2 c6 15. Rae1 Qc7 16. Bf5 Bxf5 17. Qxf5 Rxe2 18. Rxe2 Re8 19. Rxe8+ Nxe8 20. Bg3 Bxg3 21. hxg3 Nef6 22. Ne5 c5 23. Nef3 Qc6 24. dxc5 Nxc5 25. Nd4 Qe8 26. N2f3 Ncd7 27. g4 g6 28. Qf4 Kg7 29. g5 hxg5 30. Qxg5 Qe4 31. Qd2 Ng4 32. Nc2 f6 33. Nfd4 Kf7 34. f3 Qf5 35. fxg4 Qxg4 36. Qe2 Qf4 37. Qe6+ Kf8 38. Qe3 Qg4 39. Qf3 Qh4 40. Qxd5 Ke8 41. Qg8+ Nf8 42. Ne6 Qh6 43. Qxf8+ Qxf8 44. Nxf8 Kxf8 45. Kf2 Ke7 46. Ke3 f5 47. Kf4 b5 48. Kg5 Kf7 49. Nd4 f4 50. Kxf4 Kf6 51. g4 a5 52. Nxb5 g5+ 53. Ke4 Ke6 54. c4 Kd7 55. Kf5 Kc6 56. Kxg5 Kc5 57. Na3 a4 58. Kf6 Kd6 59. g5 1-0

[Event "Rosenbloom mem."]
[Site "Winnipeg CAN"]
[Date "2017.12.19"]
[Round "7"]
[White "Green, Jim"]
[Black "Baron, Gustav"]
[Result "1/2-1/2"]
[WhiteElo "1871"]
[BlackElo "2143"]
[WhiteFideId "-1"]
[WhiteFideId "-1"]
[PlyCount "67"]
[GameId "2160767908317360"]
[EventDate "2017.11.07"]
[EventType "swiss"]
[EventRounds "7"]
[EventCountry "CAN"]
[SourceTitle "EXT 2022"]
[Source "ChessBase"]
[SourceDate "2021.10.06"]
[SourceVersion "1"]
[SourceVersionDate "2021.10.06"]
[SourceQuality "1"]

1. e4 c5 2. Nf3 a6 3. d4 cxd4 4. Nxd4 e6 5. g3 b5 6. Bg2 Bb7 7. O-O Qc7 8. a3 Nf6 9. Qd3 d6 10. Nc3 Nbd7 11. Re1 Rc8 12. f4 Be7 13. Nb3 O-O 14. Bd2 Rfd8 15. Rad1 Nb6 16. Bc1 Nc4 17. Qe2 Nxa3 18. Nd4 Nc4 19. Kh1 Nd7 20. g4 Bf6 21. g5 Bxd4 22. Rxd4 Ndb6 23. Qh5 Qe7 24. Rd3 f6 25. Rh3 g6 26. gxf6 Qf7 27. Qg5 Kh8 28. Rg1 Nd7 29. b3 Ncb6 30. Bb2 b4 31. Nd1 Rxc2 32. Bf3 e5 33. f5 Rg8 34. fxg6 1/2-1/2

[Event "Rosenbloom mem."]
[Site "Winnipeg CAN"]
[Date "2017.12.19"]
[Round "7"]
[White "He, Michael"]
[Black "Reimer, Bruce"]
[Result "0-1"]
[WhiteElo "1260"]
[BlackElo "1609"]
[WhiteFideId "-1"]
[WhiteFideId "-1"]
[PlyCount "48"]
[GameId "2160767908317361"]
[EventDate "2017.11.07"]
[EventType "swiss"]
[EventRounds "7"]
[EventCountry "CAN"]
[SourceTitle "EXT 2022"]
[Source "ChessBase"]
[SourceDate "2021.10.06"]
[SourceVersion "1"]
[SourceVersionDate "2021.10.06"]
[SourceQuality "1"]

1. d4 g6 2. e4 Bg7 3. Nf3 d6 4. Bc4 e6 5. O-O a6 6. Nc3 b5 7. Bb3 Ne7 8. Bg5 h6 9. Be3 O-O 10. Qd2 Kh7 11. g4 Bb7 12. a3 Nd7 13. g5 h5 14. Nh4 c5 15. d5 c4 16. dxe6 fxe6 17. Ba2 Nc5 18. Bxc5 dxc5 19. Qe3 Qc7 20. f4 Bd4 21. Kf2 Qxf4+ 22. Kg2 Qxe3 23. Rae1 Qxg5+ 24. Kh3 Qg4# 0-1

[Event "Rosenbloom mem."]
[Site "Winnipeg CAN"]
[Date "2017.12.19"]
[Round "7"]
[White "Kernetsky, Myron"]
[Black "Swift, Ryne"]
[Result "1-0"]
[WhiteElo "2085"]
[BlackElo "2092"]
[WhiteFideId "-1"]
[WhiteFideId "-1"]
[PlyCount "124"]
[GameId "2160767908317362"]
[EventDate "2017.11.07"]
[EventType "swiss"]
[EventRounds "7"]
[EventCountry "CAN"]
[SourceTitle "EXT 2022"]
[Source "ChessBase"]
[SourceDate "2021.10.06"]
[SourceVersion "1"]
[SourceVersionDate "2021.10.06"]
[SourceQuality "1"]

1. d4 d5 2. c4 e6 3. Nc3 Nf6 4. cxd5 exd5 5. Bg5 Be7 6. e3 O-O 7. Bd3 c6 8. Qc2 Nbd7 9. Nge2 Re8 10. O-O Nf8 11. f3 h6 12. Bh4 Ne6 13. Rad1 b6 14. Kh1 Bb7 15. Bf2 Rc8 16. e4 Nh5 17. exd5 cxd5 18. Qb3 Nhf4 19. Nxf4 Nxf4 20. Bb5 Rf8 21. Be3 Ne6 22. Rfe1 Bg5 23. Bf2 Bf4 24. Bd3 Re8 25. Bb5 Rf8 26. Bd3 Re8 27. Bf5 Rc4 28. Re2 Qf6 29. Bg4 h5 30. Bh3 Rd8 31. Bxe6 fxe6 32. Rde1 Rc6 33. Qa4 Bb8 34. a3 h4 35. h3 Qf4 36. Bg1 Rc4 37. Qd1 e5 38. dxe5 Kh8 39. Bh2 Qg5 40. e6 Bxh2 41. Kxh2 Qg3+ 42. Kh1 Re8 43. Qd3 Re4 44. Nxe4 dxe4 45. Rxe4 Bxe4 46. Qxe4 Qg5 47. e7 Qf6 48. Re2 Kg8 49. Qd5+ Qf7 50. Qd8 g6 51. Re4 Kg7 52. Qd4+ Qf6 53. Qd8 Kf7 54. Qd5+ Kg7 55. Qd7 Kf7 56. Qd5+ Kg7 57. Qd4 Qxd4 58. Rxd4 Rxe7 59. Rxh4 a5 60. Re4 Rb7 61. Kg1 Kf6 62. Kf2 b5 1-0

[Event "Rosenbloom mem."]
[Site "Winnipeg CAN"]
[Date "2017.12.19"]
[Round "7"]
[White "Letain, Cory"]
[Black "Leaden, Bruce"]
[Result "1-0"]
[WhiteElo "1686"]
[BlackElo "1509"]
[WhiteFideId "-1"]
[WhiteFideId "-1"]
[PlyCount "125"]
[GameId "2160767908317363"]
[EventDate "2017.11.07"]
[EventType "swiss"]
[EventRounds "7"]
[EventCountry "CAN"]
[SourceTitle "EXT 2022"]
[Source "ChessBase"]
[SourceDate "2021.10.06"]
[SourceVersion "1"]
[SourceVersionDate "2021.10.06"]
[SourceQuality "1"]

1. e4 e6 2. d4 d5 3. exd5 exd5 4. Nf3 Nc6 5. c4 Nf6 6. Nc3 Be7 7. Bd3 dxc4 8. Bxc4 O-O 9. O-O Bg4 10. Be2 Re8 11. Be3 Bd6 12. h3 Bh5 13. Qb3 Ne7 14. Ng5 Bg6 15. Bc4 Rf8 16. Rad1 h6 17. Nf3 Nc6 18. Bd3 Bxd3 19. Rxd3 Na5 20. Qc2 Nc4 21. Ne5 Nxe3 22. fxe3 Qe7 23. Nc4 Rad8 24. Nxd6 Rxd6 25. Nb5 Rc6 26. Qe2 Ne4 27. Rf3 Qg5 28. Nc3 Re8 29. Nxe4 Rxe4 30. Qf2 Qe7 31. Rc3 Rg6 32. Rf4 Rge6 33. Rf3 c6 34. a3 f6 35. b4 a6 36. Kf1 b6 37. Ke2 g6 38. Rf4 Kg7 39. Rxe4 Rxe4 40. Rxc6 Re6 41. Qf3 a5 42. Rxe6 Qxe6 43. Qb7+ Kf8 44. Qb8+ Kf7 45. Qc7+ Kf8 46. Qd8+ Kf7 47. d5 Qe4 48. Qd7+ Kf8 49. Qd8+ Kf7 50. Qc7+ Kf8 51. Qf4 Qxg2+ 52. Kd3 Qxd5+ 53. Kc3 axb4+ 54. Qxb4+ Qc5+ 55. Qxc5+ bxc5 56. Kc4 Ke7 57. Kxc5 Kd7 58. Kd5 g5 59. a4 h5 60. Ke4 Kc6 61. Kf5 g4 62. hxg4 h4 63. Kf4 1-0

[Event "Rosenbloom mem."]
[Site "Winnipeg CAN"]
[Date "2017.12.19"]
[Round "7"]
[White "Patel, Aalekh"]
[Black "Gannon, Keith"]
[Result "1-0"]
[WhiteElo "1583"]
[BlackElo "1462"]
[WhiteFideId "-1"]
[WhiteFideId "-1"]
[PlyCount "73"]
[GameId "2160767908317364"]
[EventDate "2017.11.07"]
[EventType "swiss"]
[EventRounds "7"]
[EventCountry "CAN"]
[SourceTitle "EXT 2022"]
[Source "ChessBase"]
[SourceDate "2021.10.06"]
[SourceVersion "1"]
[SourceVersionDate "2021.10.06"]
[SourceQuality "1"]

1. e4 e5 2. Nf3 d6 3. Bc4 Be7 4. O-O Nf6 5. Nc3 O-O 6. h3 Nc6 7. d4 exd4 8. Nxd4 Nxd4 9. Qxd4 c6 10. a4 a5 11. Rd1 b6 12. Bf4 Ba6 13. Bxa6 Rxa6 14. Qd3 Ra8 15. Bxd6 Bxd6 16. Qxd6 Qxd6 17. Rxd6 Rfc8 18. Rad1 h6 19. e5 Ne8 20. Rd7 Nc7 21. Re7 Nd5 22. Nxd5 cxd5 23. Rxd5 Rxc2 24. Rdd7 Rxb2 25. Rxf7 Rc8 26. Rxg7+ Kf8 27. Rh7 Kg8 28. e6 Rc1+ 29. Kh2 Rxf2 30. Rdg7+ Kf8 31. e7+ Ke8 32. Rh8+ Kd7 33. e8=Q+ Kd6 34. Rxh6+ Kd5 35. Qe6+ Kd4 36. Rh4+ Kc3 37. Qe3+ 1-0

[Event "Rosenbloom mem."]
[Site "Winnipeg CAN"]
[Date "2017.12.19"]
[Round "7"]
[White "Wirtzfeld, Ryan"]
[Black "Piche, Zachary"]
[Result "0-1"]
[WhiteElo "1334"]
[BlackElo "1344"]
[WhiteFideId "-1"]
[WhiteFideId "-1"]
[PlyCount "60"]
[GameId "2160767908317365"]
[EventDate "2017.11.07"]
[EventType "swiss"]
[EventRounds "7"]
[EventCountry "CAN"]
[SourceTitle "EXT 2022"]
[Source "ChessBase"]
[SourceDate "2021.10.06"]
[SourceVersion "1"]
[SourceVersionDate "2021.10.06"]
[SourceQuality "1"]

1. d4 Nf6 2. Nf3 e6 3. Bf4 b6 4. e3 Bb7 5. Bd3 c5 6. c4 Nc6 7. Nc3 cxd4 8. Nb5 Bb4+ 9. Kf1 O-O 10. a3 Be7 11. exd4 d5 12. Ne5 a6 13. Nxc6 Bxc6 14. Nc3 dxc4 15. Bxc4 b5 16. Ba2 b4 17. axb4 Bxb4 18. Bc4 Bxc3 19. bxc3 Bd5 20. Qa4 Qc8 21. Bxd5 Nxd5 22. Bd6 Rd8 23. Bc5 Nxc3 24. Qc4 Nb5 25. Qa4 e5 26. Bb6 Rd7 27. dxe5 Qc6 28. Be3 Qd5 29. Bf4 Qd3+ 30. Ke1 Nc3 0-1

[Event "Rosenbloom mem."]
[Site "Winnipeg CAN"]
[Date "2017.12.19"]
[Round "7"]
[White "Wolchock, Theo"]
[Black "Lysak, Andriy"]
[Result "1-0"]
[WhiteElo "2034"]
[BlackElo "1668"]
[WhiteFideId "-1"]
[WhiteFideId "-1"]
[PlyCount "41"]
[GameId "2160767908317366"]
[EventDate "2017.11.07"]
[EventType "swiss"]
[EventRounds "7"]
[EventCountry "CAN"]
[SourceTitle "EXT 2022"]
[Source "ChessBase"]
[SourceDate "2021.10.06"]
[SourceVersion "1"]
[SourceVersionDate "2021.10.06"]
[SourceQuality "1"]

1. c4 e5 2. g3 Nf6 3. Bg2 Bc5 4. Nc3 c6 5. e3 O-O 6. Nge2 d6 7. O-O Be6 8. b3 d5 9. cxd5 Nxd5 10. Bb2 f5 11. d4 exd4 12. Nxd4 Nxc3 13. Bxc3 Bd5 14. Nxf5 Rxf5 15. e4 Rxf2 16. Rxf2 Bxf2+ 17. Kh1 Qc7 18. exd5 Bc5 19. Qg4 Na6 20. dxc6 bxc6 21. Qc4+ 1-0

[Event "Ruy Lopez"]
[Site "Trois-Rivieres CAN"]
[Date "2017.05.01"]
[Round "1"]
[White "Plouffe, Michel"]
[Black "Lemyre, Jasmin"]
[Result "0-1"]
[WhiteElo "1040"]
[BlackElo "1234"]
[WhiteFideId "-1"]
[WhiteFideId "-1"]
[PlyCount "60"]
[GameId "2160767908411633"]
[EventDate "2017.05.01"]
[EventCountry "CAN"]

1. d4 d5 2. Nf3 Nf6 3. Bf4 e6 4. h3 c5 5. c3 Nc6 6. e3 c4 7. Nbd2 Bd6 8. Ne5 Bd7 9. b3 b5 10. b4 Bc7 11. Nxd7 Qxd7 12. Bg5 Bd8 13. Be2 O-O 14. O-O Ne8 15. Bxd8 Qxd8 16. Bf3 Nc7 17. e4 Rb8 18. e5 f6 19. Re1 fxe5 20. dxe5 Rf5 21. Bg4 Rxe5 22. Rf1 Rg5 23. f4 Rg6 24. f5 exf5 25. Rxf5 Rg5 26. Rf2 d4 27. Nf3 Rd5 28. cxd4 Nxb4 29. Ne1 Rxd4 30. Rd2 Rxd2 0-1

[Event "Ruy Lopez"]
[Site "Trois-Rivieres CAN"]
[Date "2017.05.08"]
[Round "2"]
[White "Lemyre, Jasmin"]
[Black "Blouin, Robert"]
[Result "1-0"]
[WhiteElo "1234"]
[BlackElo "1348"]
[WhiteFideId "-1"]
[WhiteFideId "-1"]
[PlyCount "81"]
[GameId "2160767908411634"]
[EventDate "2017.05.01"]
[EventCountry "CAN"]

1. e4 e6 2. d4 c5 3. c3 b6 4. Nf3 Bb7 5. Bd3 cxd4 6. Nxd4 Qf6 7. Be3 Qg6 8. O-O Bxe4 9. Bxe4 Qxe4 10. Re1 Bd6 11. Nd2 Qg6 12. Nb5 Be5 13. Nf3 Qh5 14. Bg5 h6 15. Rxe5 hxg5 16. Rxg5 Qh7 17. Nc7+ Kd8 18. Nxa8 f6 19. Qd6 Ne7 20. Qxb8+ Nc8 21. Qc7+ Ke7 22. Rg4 g5 23. Rd1 Rd8 24. Rgd4 Ke8 25. Qc4 Ke7 26. Qd3 Qxd3 27. R4xd3 d5 28. Nc7 Nd6 29. Nd4 Rc8 30. Ncxe6 Nc4 31. Rb1 a6 32. b3 Ne5 33. Re3 Kd6 34. Ng7 b5 35. Ngf5+ Kd7 36. Rd1 Kc7 37. Nf3 Ng4 38. Re6 b4 39. h3 Ne5 40. Nxe5 fxe5 41. cxb4 1-0

[Event "Ruy Lopez"]
[Site "Trois-Rivieres CAN"]
[Date "2017.05.15"]
[Round "3"]
[White "Belanger, Gervais"]
[Black "Lemyre, Jasmin"]
[Result "0-1"]
[WhiteElo "1275"]
[BlackElo "1234"]
[WhiteFideId "-1"]
[WhiteFideId "-1"]
[PlyCount "22"]
[GameId "2160767908411635"]
[EventDate "2017.05.01"]
[EventCountry "CAN"]

1. e4 c5 2. Nf3 Nc6 3. c4 Nd4 4. Nc3 d6 5. b3 Bg4 6. h3 Bxf3 7. gxf3 e6 8. Bg2 Ne7 9. Bb2 Ng6 10. O-O Nf4 11. d3 Qg5 0-1

[Event "Saanich inv III A"]
[Site "Victoria CAN"]
[Date "2017.10.07"]
[Round "1.1"]
[White "Haines, Duncan"]
[Black "Doknjas, Neil"]
[Result "1-0"]
[WhiteElo "1823"]
[BlackElo "1937"]
[WhiteFideId "-1"]
[WhiteFideId "-1"]
[PlyCount "99"]
[GameId "2160767908325911"]
[EventDate "2017.10.07"]
[EventType "tourn"]
[EventRounds "5"]
[EventCountry "CAN"]
[SourceTitle "EXT 2022"]
[Source "ChessBase"]
[SourceDate "2021.10.06"]
[SourceVersion "1"]
[SourceVersionDate "2021.10.06"]
[SourceQuality "1"]

1. d4 d5 2. Nf3 Nf6 3. c4 e6 4. Nc3 Be7 5. Bf4 O-O 6. e3 b6 7. Be2 Bb7 8. O-O Nbd7 9. cxd5 exd5 10. Rc1 Nh5 11. Be5 f6 12. Bg3 Nxg3 13. hxg3 f5 14. Qb3 Nf6 15. Ne5 c5 16. dxc5 Bxc5 17. Bf3 Kh8 18. Rfd1 Qe7 19. Nd3 Ne4 20. Nxc5 Nxc5 21. Qa3 Rfd8 22. Bxd5 Bxd5 23. Rxd5 Rxd5 24. Nxd5 Qe5 25. Nxb6 Rd8 26. Qxc5 Qxc5 27. Rxc5 axb6 28. Rxf5 g6 29. Rb5 Rd1+ 30. Kh2 Rd6 31. g4 Kg7 32. Kg3 Kf6 33. g5+ Ke6 34. f4 Kd7 35. Kf3 Kc6 36. a4 Rd1 37. g4 Rf1+ 38. Kg2 Rd1 39. f5 Rd7 40. f6 Rd6 41. Re5 Rd8 42. Re7 Rh8 43. e4 Rd8 44. e5 Kd5 45. e6 Ke4 46. Rd7 Rc8 47. e7 Kf4 48. f7 Rc2+ 49. Kf1 Rc1+ 50. Ke2 1-0

[Event "Saanich inv III A"]
[Site "Victoria CAN"]
[Date "2017.10.07"]
[Round "1.2"]
[White "Leblanc, Paul"]
[Black "Allan, Phillip"]
[Result "1-0"]
[WhiteElo "1846"]
[BlackElo "1829"]
[WhiteFideId "-1"]
[WhiteFideId "-1"]
[PlyCount "61"]
[GameId "2160767908325912"]
[EventDate "2017.10.07"]
[EventType "tourn"]
[EventRounds "5"]
[EventCountry "CAN"]
[SourceTitle "EXT 2022"]
[Source "ChessBase"]
[SourceDate "2021.10.06"]
[SourceVersion "1"]
[SourceVersionDate "2021.10.06"]
[SourceQuality "1"]

1. d4 c5 2. d5 Nf6 3. c4 e6 4. Nc3 exd5 5. cxd5 g6 6. e4 d6 7. h3 Bg7 8. Nf3 O-O 9. Bd3 Na6 10. O-O Re8 11. Bf4 Nc7 12. Re1 a6 13. a4 Rb8 14. a5 b5 15. axb6 Rxb6 16. Qc2 Nh5 17. Bh2 Nb5 18. Ra2 Qf6 19. Na4 Rb7 20. e5 dxe5 21. Nxc5 Nf4 22. Bxf4 Qxf4 23. Nxb7 Bxb7 24. Qb3 Rd8 25. Bxb5 Bxd5 26. Qd1 axb5 27. Ra3 e4 28. Nd4 Bc4 29. Ne6 Rxd1 30. Ra8+ Bf8 31. Rxf8# 1-0

[Event "Saanich inv III A"]
[Site "Victoria CAN"]
[Date "2017.10.07"]
[Round "1.3"]
[White "James, Rowan"]
[Black "Raymer, Elliot"]
[Result "0-1"]
[WhiteElo "1911"]
[BlackElo "1859"]
[WhiteFideId "-1"]
[WhiteFideId "-1"]
[PlyCount "82"]
[GameId "2160767908325913"]
[EventDate "2017.10.07"]
[EventType "tourn"]
[EventRounds "5"]
[EventCountry "CAN"]
[SourceTitle "EXT 2022"]
[Source "ChessBase"]
[SourceDate "2021.10.06"]
[SourceVersion "1"]
[SourceVersionDate "2021.10.06"]
[SourceQuality "1"]

1. e4 Nf6 2. e5 Nd5 3. d4 d6 4. c4 Nb6 5. exd6 cxd6 6. Nc3 g6 7. Nf3 Bg7 8. Be2 O-O 9. O-O Nc6 10. Be3 e5 11. dxe5 dxe5 12. Qxd8 Rxd8 13. Bxb6 axb6 14. Nd5 e4 15. Ng5 Bxb2 16. Nxb6 Ra5 17. Rab1 Rd2 18. Nxe4 Rxe2 19. Nxc8 Rxa2 20. Ncd6 Bd4 21. Rxb7 f5 22. Ng3 Rxf2 23. Rxf2 Rxf2 24. Nb5 Be3 25. Rc7 f4 26. Nf1 Rc2+ 27. Nxe3 fxe3 28. Kf1 Ne5 29. Nd4 Rb2 30. c5 Nd3 31. Rc8+ Kg7 32. Rc7+ Kf6 33. Rd7 e2+ 34. Nxe2 Rb1+ 35. Nc1 Rxc1+ 36. Ke2 Nf4+ 37. Kf3 Ne6 38. Kf2 h5 39. Rd5 Rxc5 40. Rxc5 Nxc5 41. Kf3 g5 0-1

[Event "Saanich inv III A"]
[Site "Victoria CAN"]
[Date "2017.10.07"]
[Round "2.1"]
[White "Doknjas, Neil"]
[Black "Raymer, Elliot"]
[Result "1/2-1/2"]
[WhiteElo "1937"]
[BlackElo "1859"]
[WhiteFideId "-1"]
[WhiteFideId "-1"]
[PlyCount "186"]
[GameId "2160767908325914"]
[EventDate "2017.10.07"]
[EventType "tourn"]
[EventRounds "5"]
[EventCountry "CAN"]
[SourceTitle "EXT 2022"]
[Source "ChessBase"]
[SourceDate "2021.10.06"]
[SourceVersion "1"]
[SourceVersionDate "2021.10.06"]
[SourceQuality "1"]

1. e4 Nf6 2. e5 Nd5 3. d4 d6 4. c4 Nb6 5. exd6 cxd6 6. Nc3 g6 7. Nf3 Bg7 8. Be3 O-O 9. Be2 Nc6 10. O-O e5 11. d5 Ne7 12. c5 dxc5 13. Bxc5 Nd7 14. Ba3 a6 15. d6 Nc6 16. Nd5 Nd4 17. Nxd4 exd4 18. Bf3 Rb8 19. Rc1 Kh8 20. Ne7 Qb6 21. Rc7 Ne5 22. Nd5 Qa5 23. d7 Bxd7 24. Bxf8 Bxf8 25. Qxd4 Bg7 26. Qe3 Nxf3+ 27. Qxf3 Be6 28. Rfc1 Re8 29. R7c5 Qxa2 30. Nc7 Rb8 31. Nxe6 Qxe6 32. Qh3 Qxh3 33. gxh3 Bxb2 34. Rb1 Bf6 35. Rc7 Kg7 36. Rbxb7 Rxb7 37. Rxb7 a5 38. Rc7 Bd4 39. Rc4 Bb2 40. f4 Ba3 41. Kf2 Kf6 42. Ke3 g5 43. fxg5+ Kxg5 44. h4+ Kg6 45. h3 Bb4 46. Kf4 Be1 47. Kg4 h5+ 48. Kf3 Bb4 49. Rc6+ f6 50. Rc1 Kf5 51. Rg1 a4 52. Rb1 Bc3 53. Rb5+ Kg6 54. Rc5 Bb2 55. Ra5 a3 56. Ke4 f5+ 57. Kd5 Kf6 58. Ra6+ Ke7 59. Kc4 f4 60. Kd3 Kf7 61. Ke2 Kg7 62. Kd1 Kh7 63. Kc2 Kg7 64. Ra4 f3 65. Kd3 f2 66. Ke2 f1=Q+ 67. Kxf1 Kg6 68. Ra5 Bf6 69. Rxa3 Bxh4 70. Ra5 Bg3 71. Kg2 h4 72. Kf3 Kh6 73. Kg4 Kg6 74. Rf5 Be1 75. Rf3 Bg3 76. Rf1 Kg7 77. Kg5 Kh7 78. Rf7+ Kg8 79. Kg6 Bh2 80. Rf5 Bg3 81. Kf6 Kf8 82. Kg6+ Kg8 83. Rf3 Bh2 84. Rf2 Bg3 85. Rf5 Bh2 86. Kf6 Bg3 87. Rh5 Bf2 88. Rd5 Bg3 89. Rd8+ Kh7 90. Rd7+ Kh6 91. Kf5 Bf2 92. Re7 Bg3 93. Rf7 Be1 1/2-1/2

[Event "Saanich inv III A"]
[Site "Victoria CAN"]
[Date "2017.10.07"]
[Round "2.2"]
[White "Allan, Phillip"]
[Black "James, Rowan"]
[Result "0-1"]
[WhiteElo "1829"]
[BlackElo "1911"]
[WhiteFideId "-1"]
[WhiteFideId "-1"]
[PlyCount "90"]
[GameId "2160767908325915"]
[EventDate "2017.10.07"]
[EventType "tourn"]
[EventRounds "5"]
[EventCountry "CAN"]
[SourceTitle "EXT 2022"]
[Source "ChessBase"]
[SourceDate "2021.10.06"]
[SourceVersion "1"]
[SourceVersionDate "2021.10.06"]
[SourceQuality "1"]

1. Nf3 Nc6 2. c4 e5 3. Nc3 Nf6 4. d3 Be7 5. g3 O-O 6. Bg2 d6 7. a3 Nd4 8. e3 Nxf3+ 9. Bxf3 c6 10. O-O Bh3 11. Re1 Nd7 12. b4 f5 13. b5 Rc8 14. bxc6 bxc6 15. d4 e4 16. Bg2 Bxg2 17. Kxg2 Nb6 18. Qb3 d5 19. c5 Nc4 20. Rb1 Qa5 21. Qb4 Rb8 22. Qxa5 Nxa5 23. Rb4 Nb3 24. Rd1 a5 25. Rb6 Rxb6 26. cxb6 Nxc1 27. Rxc1 Bxa3 28. Rc2 Bb4 29. Na4 Rc8 30. b7 Rb8 31. Rxc6 Rxb7 32. Nc5 Bxc5 33. Rxc5 Ra7 34. Rxd5 a4 35. Rc5 a3 36. Rc1 Kf7 37. Kf1 a2 38. Ra1 Kf6 39. Ke2 Kg5 40. h3 h5 41. h4+ Kg4 42. d5 Kh3 43. d6 Kg2 44. d7 Rxd7 45. Rxa2 Rc7 0-1

[Event "Saanich inv III A"]
[Site "Victoria CAN"]
[Date "2017.10.07"]
[Round "2.3"]
[White "Haines, Duncan"]
[Black "Leblanc, Paul"]
[Result "1-0"]
[WhiteElo "1823"]
[BlackElo "1846"]
[WhiteFideId "-1"]
[WhiteFideId "-1"]
[PlyCount "95"]
[GameId "2160767908325916"]
[EventDate "2017.10.07"]
[EventType "tourn"]
[EventRounds "5"]
[EventCountry "CAN"]
[SourceTitle "EXT 2022"]
[Source "ChessBase"]
[SourceDate "2021.10.06"]
[SourceVersion "1"]
[SourceVersionDate "2021.10.06"]
[SourceQuality "1"]

1. d4 d5 2. Nf3 Nf6 3. c4 c6 4. e3 a6 5. Bd3 b5 6. b3 Bg4 7. Nbd2 e6 8. Qc2 Nbd7 9. Bb2 Rc8 10. c5 a5 11. a3 Bh5 12. O-O Bg6 13. Ne5 Nxe5 14. dxe5 Ng4 15. h3 Nh6 16. b4 a4 17. e4 Ng8 18. f4 dxe4 19. Nxe4 Bxe4 20. Bxe4 Ne7 21. Rad1 Nd5 22. Bxd5 cxd5 23. f5 g6 24. fxe6 fxe6 25. Qe2 Qd7 26. Bc1 Bg7 27. Bg5 Rf8 28. Bf6 Bh6 29. g4 Rf7 30. g5 Bf8 31. h4 Qc6 32. Rf2 Rcc7 33. Rh2 Bxc5+ 34. bxc5 Qxc5+ 35. Kh1 d4 36. Qe4 Rfd7 37. Rh3 Qd5 38. Qxd5 Rxd5 39. Rhd3 Rc4 40. Kg2 b4 41. axb4 Rxb4 42. Kf3 Rb2 43. Rxd4 Rbb5 44. Rxd5 Rxd5 45. Rxd5 exd5 46. e6 a3 47. Kf4 a2 48. Bd4 1-0

[Event "Saanich inv III A"]
[Site "Victoria CAN"]
[Date "2017.10.08"]
[Round "3.1"]
[White "Leblanc, Paul"]
[Black "Doknjas, Neil"]
[Result "1-0"]
[WhiteElo "1846"]
[BlackElo "1937"]
[WhiteFideId "-1"]
[WhiteFideId "-1"]
[PlyCount "125"]
[GameId "2160767908325917"]
[EventDate "2017.10.07"]
[EventType "tourn"]
[EventRounds "5"]
[EventCountry "CAN"]
[SourceTitle "EXT 2022"]
[Source "ChessBase"]
[SourceDate "2021.10.06"]
[SourceVersion "1"]
[SourceVersionDate "2021.10.06"]
[SourceQuality "1"]

1. d4 d5 2. c4 e6 3. Nf3 Nf6 4. g3 dxc4 5. Bg2 c5 6. O-O Nc6 7. dxc5 Qxd1 8. Rxd1 Bxc5 9. Nbd2 c3 10. bxc3 O-O 11. Nb3 Bb6 12. c4 Ne4 13. e3 Nc5 14. Ba3 Nxb3 15. axb3 Rd8 16. Rxd8+ Bxd8 17. Bb2 Rb8 18. Ne5 Nb4 19. Rxa7 Na6 20. c5 Nxc5 21. Nxf7 Bb6 22. Ra3 Kxf7 23. Be5 Nd7 24. Bxb8 Nxb8 25. Ra8 Bc7 26. Bxb7 Bxb7 27. Ra7 Bd5 28. Rxc7+ Kf6 29. Rc3 Nc6 30. Kf1 Nb4 31. Ke2 Kf5 32. f3 Bc6 33. Rc5+ Kf6 34. e4 e5 35. Kd2 Bd7 36. Kc3 Nc6 37. b4 Ke6 38. b5 Nd4 39. b6 Bc6 40. f4 Kd6 41. Rxe5 Nf3 42. Rf5 Ke6 43. Rb5 Bb7 44. e5 g5 45. Rc5 gxf4 46. gxf4 Nxh2 47. Rc7 Be4 48. b7 Bxb7 49. Rxb7 h5 50. Rh7 Nf1 51. Rxh5 Ne3 52. Kd4 Ng4 53. Rg5 Nf2 54. f5+ Kf7 55. Kd5 Nh3 56. Rg4 Ke7 57. f6+ Kf7 58. Kd6 Nf2 59. Rg7+ Kf8 60. Ra7 Ne4+ 61. Ke6 Ng5+ 62. Kf5 Nf3 63. Ra8+ 1-0

[Event "Saanich inv III A"]
[Site "Victoria CAN"]
[Date "2017.10.08"]
[Round "3.2"]
[White "James, Rowan"]
[Black "Haines, Duncan"]
[Result "1-0"]
[WhiteElo "1911"]
[BlackElo "1823"]
[WhiteFideId "-1"]
[WhiteFideId "-1"]
[PlyCount "75"]
[GameId "2160767908325918"]
[EventDate "2017.10.07"]
[EventType "tourn"]
[EventRounds "5"]
[EventCountry "CAN"]
[SourceTitle "EXT 2022"]
[Source "ChessBase"]
[SourceDate "2021.10.06"]
[SourceVersion "1"]
[SourceVersionDate "2021.10.06"]
[SourceQuality "1"]

1. e4 c5 2. c3 d5 3. exd5 Qxd5 4. d4 Nf6 5. Nf3 Bg4 6. Be2 e6 7. O-O Nc6 8. h3 Bh5 9. Be3 cxd4 10. cxd4 Be7 11. Nc3 Qd6 12. Qd2 O-O 13. Rad1 Rfd8 14. Rfe1 Nd5 15. Nxd5 Qxd5 16. a3 Bf6 17. b4 a6 18. Qc3 Rac8 19. Qb2 Rd7 20. Rd2 Ne7 21. Ne5 Bxe2 22. Nxd7 Qxd7 23. Rexe2 Nd5 24. Rc2 h6 25. Rxc8+ Qxc8 26. Rc2 Qd7 27. Qc1 Qb5 28. Rc5 Qe2 29. Rc8+ Kh7 30. Qc2+ Qxc2 31. Rxc2 Kg6 32. Rc8 Kf5 33. Kf1 Ke4 34. Ke2 Nxe3 35. fxe3 Bg5 36. Rc7 Bxe3 37. Rxb7 Bxd4 38. Rxf7 1-0